| 000 | 00895cam a22002651 4500 | ||
|---|---|---|---|
| 001 | 8836168 | ||
| 003 | ARRUPE | ||
| 005 | 20141002160609.0 | ||
| 008 | 751208s1950 enk b 000 0 eng | ||
| 010 | _aa 51001306 | ||
| 035 | _a(OCoLC)1881506 | ||
| 040 |
_aDLC _cFMU _dDLC |
||
| 042 | _apremarc | ||
| 050 | 0 | 0 |
_aBL205 _b.J3 |
| 100 | 1 |
_aJames, E. O. _q(Edwin Oliver), _d1888-1972. _911998 |
|
| 245 | 1 | 4 |
_aThe concept of deity; _ba comparative and historical study. |
| 260 |
_aLondon, _aNew York, _bHutchinson's University Library, _c1950. |
||
| 300 |
_a200 p. _c24 cm. |
||
| 490 | 1 | _aWilde lectures in natural and comparative religion in the University of Oxford | |
| 504 | _aBibliographical footnotes. | ||
| 650 | 0 |
_aGod. _911999 |
|
| 830 | 0 |
_aWilde lectures in natural and comparative religion. _912000 |
|
| 906 |
_a7 _bcbc _coclcrpl _du _encip _f19 _gy-gencatlg |
||
| 942 |
_2lcc _cMONOGRAPH |
||
| 999 |
_c121057 _d121057 |
||